Normal view
MARC view
- اهمية العلف للمحاصيل
Entry Topical Term
001 - CONTROL NUMBER
- control field: 9545
003 - CONTROL NUMBER IDENTIFIER
- control field: JO-AjAnu
005 - DATE AND TIME OF LATEST TRANSACTION
- control field: 20230606071833.0
008 - FIXED-LENGTH DATA ELEMENTS
- fixed length control field: 230606|| aca||aabn | a|a d
040 ## - CATALOGING SOURCE
- Original cataloging agency: JO-AjAnu
- Transcribing agency: JO-AjAnu
150 ## - HEADING--TOPICAL TERM
- Topical term or geographic name entry element: اهمية العلف للمحاصيل
670 ## - SOURCE DATA FOUND
- Source citation: Work cat.: (JO-AjAnu)4923: رضوان ، محمد السيد/ م مشارك عبدالله قاسم الفخري, author 9544, محاصيل العلف والمراعي: مبادئ رعاية المراعي الطبيعية، ج1